Resoluciones y decisiones que se refieren específicamente a la mujer

Guardado en:
書目詳細資料
企業作者: Naciones Unidas. XXXVI Asamblea General
格式: Texto
出版: s.l: Centro de la T.I.M.
主題:
標簽: 添加標簽
沒有標簽, 成為第一個標記此記錄!

MARC

LEADER 00000 a a2200000 04500
001 14181
003
040
090 |a EXTRAVIADO  
110 |a Naciones Unidas. XXXVI Asamblea General  
245 |a Resoluciones y decisiones que se refieren específicamente a la mujer  
260 |a s.l:   |b Centro de la T.I.M.  
300 |a 1; 29 p.  
650 |a MUJERES  
999 |c 6277  |d 6277